| 000 | 00872cam a2200181 4500 | ||
|---|---|---|---|
| 001 | X115075 | ||
| 008 | 011011n2001 000 0 eng u | ||
| 035 | _a(Sirsi) u115075 | ||
| 245 | _aLamb & Shirley Ltd v Bliss (VO) | ||
| 260 | _c2001 | ||
| 490 |
_aEstates Gazette _v[2001] 51 EG 137 (CS) |
||
| 520 | _aCA 5 April 2001. Claimant converting two premises into one - premises shown in non-domestic rating list as two separate units - respondent valuation officer proposing alteration to list - date when alteration becoming effective -interpretation of Non-Domestic Rating (Alteration to Lists and Appeals) Regulations 1993, as amended. | ||
| 650 | _aLAMB & SHIRLEY LTD V BLISS (VO) | ||
| 650 | _aNON-DOMESTIC RATING | ||
| 650 | _aNON-DOMESTIC RATING (ALTERATION OF LISTS AND APPEALS) REGULATIONS 1993 | ||
| 690 | _aRATING AND LOCAL TAXATION-CASE LAW | ||
| 942 | _n0 | ||
| 999 |
_c68550 _d68550 |
||